Biebrich, crónica de una infamia /

Պահպանված է:
Մատենագիտական մանրամասներ
Հիմնական հեղինակ: Blancornelas, J. Jesús (autor)
Ձևաչափ: Գիրք
Լեզու:իսպաներեն
Հրապարակվել է: México : Editores Asociados Mexicanos, 1978, c1978
Ցուցիչներ: Ավելացրեք ցուցիչ
Չկան պիտակներ, Եղեք առաջինը, ով նշում է այս գրառումը!

MARC

LEADER 00000nam^a2200000^a^4500
001 000430999
005 20250526000000.0
009 20260310122936.932
020 |a 968-409-030-7 
037 |a Acervo ITESO - Biblioteca 
041 |a ESP 
091 |a FHM. 05303 
100 |a Blancornelas, J. Jesús  |e (autor) 
245 1 0 |a Biebrich, crónica de una infamia / 
264 4 |a México :  |b Editores Asociados Mexicanos,  |c 1978, c1978 
300 |a 226 p. ;  |c 19.5 cm. 
336 |a texto  |b txt  |2 rdacontenido 
337 |a sin mediación  |b n  |2 rdamedio 
338 |a volumen  |b nc  |2 rdasoporte 
649 |a XX 
910 |a Fondo Hugo B. Margáin 
920 |a Impresos - Libros 
930 |a Libros Antiguos y Raros 
905 |a 126 
901 |a 0500315035  |b IT2  |c LRA  |i D107573  |u 20250526 
902 |a https://opac.biblio.iteso.mx/vufind/Record/000430999